| 000 | 00384nam a22001697a 4500 | ||
|---|---|---|---|
| 003 | OSt | ||
| 008 | 210318b ||||| |||| 00| 0 eng d | ||
| 020 | _a97893800277258 | ||
| 082 |
_a621.4021 _bUBT |
||
| 100 | _aUBHI, BS | ||
| 245 | _aThermodynamics | ||
| 250 | _a7th Ed and Reprint 2016 | ||
| 260 |
_aNew Delhi _bKatson _c2016 |
||
| 300 | _a220 | ||
| 650 | _aME | ||
| 942 |
_2ddc _cBK |
||
| 999 |
_c10565 _d10565 |
||